000 00420 a2200157 4500
001 171113
020 _a
040 _cMagnum
100 _aCotrim, Gilberto
240 1 0 _aHistoria e consciencia do mundo - v.1 - da pre-historia a idade media
_lpor
245 1 0 _aHistoria e consciencia do mundo - v.1 - da pre-historia a idade media
362 0 _a1899
440 1 _aSaraiva
697 _aPARADIDATICO
942 _cBK
999 _c171113
_d171113